[Event "Titled Tuesday intern op 13th Feb Early"]
[Site "Chess.com INT"]
[Date "2024.02.13"]
[Round "4"]
[White "Seemann, Jakub"]
[Black "Silva, Kaua Marques"]
[Result "1-0"]
[WhiteElo "2439"]
[BlackElo "2215"]
[PlyCount "53"]
[EventDate "2024.02.13"]
[EventType "swiss (blitz)"]
[EventRounds "11"]
[EventCountry "USA"]
[SourceTitle "CB08_2024"]
[SourceDate "2024.02.21"]
[SourceVersion "1"]
[SourceVersionDate "2024.02.21"]
[SourceQuality "1"]

1. d4 Nf6 2. Nf3 e6 3. Bg5 c5 4. e3 Nc6 5. c3 d5 6. Nbd2 cxd4 7. exd4 Be7 8. Bd3 0-0 9. 0-0 Nh5 10. Be3 g6 11. Ne5 Ng7 12. Ndf3 f5 13. Bh6 Bf6 14. Re1 Re8 15. Qe2 Nh5 16. Rad1 g5 17. g3 g4 18. Nxc6 bxc6 19. Ne5 Qc7 20. h3 Bxe5 21. dxe5 Qb6 22. hxg4 Nxg3 23. Qf3 Qxb2 24. Qxg3 Kh8 25. Kh1 Rg8 26. Qh4 Rg6 27. Qd8+ 1-0

[Event "Titled Tuesday intern op 13th Feb Late"]
[Site "Chess.com INT"]
[Date "2024.02.13"]
[Round "4"]
[White "Silva, Kaua Marques"]
[Black "Shuvalova, Polina"]
[Result "0-1"]
[WhiteElo "2215"]
[BlackElo "2455"]
[PlyCount "106"]
[EventDate "2024.02.13"]
[EventType "swiss (blitz)"]
[EventRounds "11"]
[EventCountry "USA"]
[SourceTitle "CB08_2024"]
[SourceDate "2024.02.21"]
[SourceVersion "1"]
[SourceVersionDate "2024.02.21"]
[SourceQuality "1"]

1. e4 c5 2. Nf3 d6 3. Nc3 Nf6 4. d4 cxd4 5. Nxd4 a6 6. Bg5 Nbd7 7. f4 h6 8. Bh4 e6 9. f5 e5 10. Nf3 Be7 11. Bc4 b5 12. Bxf6 Nxf6 13. Bd5 Rb8 14. a3 0-0 15. 0-0 a5 16. Qd3 b4 17. axb4 axb4 18. Na4 Nxd5 19. exd5 Ra8 20. Rfe1 Ba6 21. Qe4 Qb8 22. b3 Qb5 23. Nb2 Bb7 24. Qc4 Qxd5 25. Qxb4 Bf6 26. Rad1 Qc6 27. Nc4 e4 28. Nd4 Qc5 29. Qxb7 Bxd4+ 30. Kh1 d5 31. Nd2 Rab8 32. Qa6 Bc3 33. Qe2 Rfe8 34. Rg1 e3 35. Nf3 d4 36. h3 Qxf5 37. Rd3 Qe4 38. Rgd1 Rbd8 39. Kg1 g6 40. Kh1 h5 41. b4 Bxb4 42. Rxd4 Rxd4 43. Rxd4 Qb7 44. Rd3 Bc5 45. Rc3 Qb6 46. Rb3 Qe6 47. Rc3 Bf8 48. Ne1 Bg7 49. Rd3 Qe4 50. c3 Qf4 51. Nc2 Be5 52. Kg1 Qh2+ 53. Kf1 Qh1# 0-1

[Event "Criciuma op-A"]
[Site "Criciuma"]
[Date "2024.01.16"]
[Round "7"]
[White "Silva, Kaua Marques"]
[Black "Terao, Juliana Sayumi"]
[Result "0-1"]
[WhiteElo "2142"]
[BlackElo "2198"]
[PlyCount "82"]
[EventDate "2024.01.12"]
[EventType "swiss"]
[EventRounds "9"]
[EventCountry "BRA"]
[SourceTitle "CB04_2024"]
[SourceDate "2023.10.16"]
[SourceVersion "1"]
[SourceVersionDate "2023.10.16"]
[SourceQuality "1"]

1. e4 c5 2. Nf3 e6 3. d4 cxd4 4. Nxd4 a6 5. c4 Nf6 6. Nc3 Qc7 7. a3 b6 8. f4 d6 9. Bd3 g6 10. 0-0 Bg7 11. Be3 0-0 12. Rc1 Nbd7 13. b4 Bb7 14. Nb3 Rac8 15. g4 Qb8 16. g5 Nh5 17. Be2 Bxc3 18. Rxc3 Bxe4 19. Bxh5 gxh5 20. Qxh5 Ba8 21. Nd2 Qb7 22. Rf3 b5 23. Kf2 Rfe8 24. Rd3 bxc4 25. Rd4 Qb5 26. Rh3 Nf8 27. Qh6 c3 28. Nb3 Qc6 29. Nc1 Qg2+ 30. Ke1 e5 31. Rg3 Qh1+ 32. Rg1 exd4 33. Rxh1 Rxe3+ 34. Kf2 Bxh1 35. h4 Rce8 36. Qf6 Rf3+ 37. Kg1 Re1+ 38. Kh2 Rf2+ 39. Kh3 Rxc1 40. h5 Rf3+ 41. Kg4 Rg1+ 0-1

[Event "Criciuma op-A"]
[Site "Criciuma"]
[Date "2024.01.15"]
[Round "5"]
[White "Silva, Kaua Marques"]
[Black "Umetsubo, Cesar Hidemitsu"]
[Result "1/2-1/2"]
[WhiteElo "2142"]
[BlackElo "2349"]
[PlyCount "72"]
[EventDate "2024.01.12"]
[EventType "swiss"]
[EventRounds "9"]
[EventCountry "BRA"]
[SourceTitle "CB04_2024"]
[SourceDate "2023.10.16"]
[SourceVersion "1"]
[SourceVersionDate "2023.10.16"]
[SourceQuality "1"]

1. e4 c6 2. d4 d5 3. Nc3 dxe4 4. Nxe4 Bf5 5. Ng3 Bg6 6. Nf3 Nd7 7. h4 h6 8. h5 Bh7 9. Bd3 Bxd3 10. Qxd3 e6 11. Bd2 Ngf6 12. 0-0-0 Be7 13. Kb1 0-0 14. Ne4 Nxe4 15. Qxe4 Nf6 16. Qe2 Qd5 17. Ne5 Qe4 18. Qxe4 Nxe4 19. Be3 Rfd8 20. g4 c5 21. f3 cxd4 22. Bxd4 Bc5 23. Bxc5 Nxc5 24. c4 a5 25. Kc2 f6 26. Ng6 Kf7 27. b3 b6 28. a3 e5 29. Rxd8 Rxd8 30. b4 Ne6 31. bxa5 bxa5 32. Rb1 Nd4+ 33. Kc3 Ne2+ 34. Kc2 Nd4+ 35. Kc3 Ne2+ 36. Kc2 Nd4+ 1/2-1/2

[Event "Pan American-ch U20"]
[Site "Vila Santa Cecilia"]
[Date "2023.11.10"]
[Round "8.9"]
[White "Seccafim, Caic Dos Santos"]
[Black "Silva, Kaua Marques"]
[Result "0-1"]
[WhiteElo "2062"]
[BlackElo "2235"]
[PlyCount "154"]
[EventDate "2023.11.06"]
[EventType "swiss"]
[EventRounds "9"]
[EventCountry "BRA"]
[SourceTitle "CB46_2023"]
[SourceDate "2023.11.15"]
[SourceVersion "1"]
[SourceVersionDate "2023.11.15"]
[SourceQuality "1"]

1. e4 c6 2. d4 d5 3. exd5 cxd5 4. c4 Nf6 5. Nc3 Nc6 6. Bg5 dxc4 7. Bxc4 h6 8. Bxf6 exf6 9. Nf3 Bd6 10. 0-0 0-0 11. h3 a6 12. Rc1 Bf4 13. Ra1 Ne7 14. a3 b5 15. Bb3 Bb7 16. d5 Qd7 17. Qd3 Qf5 18. Rad1 Rad8 19. Rfe1 Qxd3 20. Rxd3 Ng6 21. g3 Bd6 22. h4 Rd7 23. Ne4 Rfd8 24. Nxd6 Rxd6 25. h5 Nf8 26. Bc2 Nd7 27. Nh4 Ne5 28. Rd4 Bc8 29. f4 Ng4 30. Bb1 Kf8 31. Be4 Re8 32. Rdd1 f5 33. Bf3 Nf6 34. Re5 Ng4 35. Bxg4 fxg4 36. Ng2 Red8 37. Ne3 f6 38. Re4 Bd7 39. Kf2 Be8 40. Rh1 Bf7 41. Rd4 R6d7 42. Rd2 Bxd5 43. Rhd1 Bc6 44. Rxd7 Rxd7 45. Rxd7 Bxd7 46. Nd5 Bc6 47. Nb4 Bb7 48. Ke3 Ke7 49. Nd3 Kd6 50. Kd4 Bc6 51. b4 Be8 52. Nc5 Bxh5 53. Nxa6 Be8 54. Nc5 Bc6 55. Ke3 g6 56. Nd3 Kd5 57. Nf2 h5 58. Ne4 Ke6 59. Nd2 g5 60. Nb3 Kd5 61. fxg5 fxg5 62. Nd4 Bd7 63. Nc2 Ke5 64. Nd4 h4 65. Ne2 h3 66. Kf2 Bc6 67. Kg1 Ke4 68. Kh2 Kd3 69. Nc1+ Kc2 70. Ne2 Kb2 71. Nd4 Bd7 72. a4 bxa4 73. b5 a3 74. b6 Bc8 75. Kg1 a2 76. Nb3 Kxb3 77. Kh2 Bb7 0-1

[Event "Pan American-ch U20"]
[Site "Vila Santa Cecilia"]
[Date "2023.11.08"]
[Round "4.12"]
[White "Nascimento, Nicolas Daniel Trin"]
[Black "Silva, Kaua Marques"]
[Result "1/2-1/2"]
[WhiteElo "1797"]
[BlackElo "2235"]
[PlyCount "198"]
[EventDate "2023.11.06"]
[EventType "swiss"]
[EventRounds "9"]
[EventCountry "BRA"]
[SourceTitle "CB46_2023"]
[SourceDate "2023.11.15"]
[SourceVersion "1"]
[SourceVersionDate "2023.11.15"]
[SourceQuality "1"]

1. Nf3 Nf6 2. d4 e6 3. c4 d5 4. cxd5 exd5 5. Bf4 Bd6 6. Bxd6 Qxd6 7. e3 Bf5 8. Bd3 Be4 9. Nc3 0-0 10. 0-0 Nbd7 11. Rc1 c6 12. Bxe4 dxe4 13. Nd2 Rfe8 14. h3 Nb6 15. a3 a5 16. Qb3 Qc7 17. Nc4 Nbd7 18. Rfd1 b5 19. Nd2 Qd6 20. Qc2 Qe7 21. Ne2 Rac8 22. Nb3 a4 23. Nc5 Nb6 24. b3 axb3 25. Qxb3 Ra8 26. Nc3 Reb8 27. Ra1 Nbd7 28. Nxd7 Qxd7 29. Rdb1 Ra5 30. Qb4 Rba8 31. Ra2 g6 32. Rba1 Kg7 33. Qc5 Qe6 34. Qb4 R8a6 35. a4 Nd5 36. Nxd5 cxd5 37. Ra3 bxa4 38. Rxa4 Rxa4 39. Rxa4 Rb6 40. Qe1 Rb2 41. Rb4 Rc2 42. Rb1 Qc6 43. Qb4 Qf6 44. Rf1 h5 45. Qb3 Qc6 46. Qb8 Qe6 47. Qb3 Qc6 48. Qb8 Qe6 49. Qb3 Rc4 50. Qb8 Qf5 51. Qd6 Rc2 52. Qb8 Rc6 53. Rb1 Rf6 54. Rf1 Qg5 55. Qd8 Qf5 56. Qb8 Kh7 57. Qc7 Qe6 58. Qb8 Rf5 59. Qg3 Qf6 60. Qc7 Qh4 61. Qd7 Kg7 62. Qc8 Qf6 63. Qc7 Kh7 64. Qb8 Rg5 65. Kh1 Rf5 66. Kg1 Kg7 67. Qc7 g5 68. Qg3 Kg6 69. Qb8 Kh7 70. Qg3 Kg6 71. Qb8 Kg7 72. Qg3 Kh7 73. Qc7 g4 74. Qg3 Kg7 75. h4 Qd8 76. Rb1 Qc8 77. Qd6 Qe6 78. Qd8 Qf6 79. Qxf6+ Kxf6 80. Rb6+ Ke7 81. g3 Kd7 82. Rb5 Kc6 83. Rc5+ Kd6 84. Ra5 Rf6 85. Ra6+ Ke7 86. Rxf6 Kxf6 87. Kf1 Ke6 88. Ke2 Kd6 89. Kd2 Kc6 90. Kc2 Kb6 91. Kd1 Kb5 92. Ke1 Kc4 93. Kf1 Kd3 94. Kg1 Kd2 95. Kh2 Ke1 96. Kg1 Ke2 97. Kg2 Kd2 98. Kh2 f6 99. Kh1 Ke1 1/2-1/2

[Event "Titled Tuesday intern op 19th Sep Early"]
[Site "Chess.com INT"]
[Date "2023.09.19"]
[Round "3"]
[White "Saydaliev, Saidakbar"]
[Black "Silva, Kaua Marques"]
[Result "1-0"]
[WhiteElo "2426"]
[BlackElo "2239"]
[PlyCount "42"]
[EventDate "2023.09.19"]
[EventType "swiss (blitz)"]
[EventRounds "11"]
[EventCountry "USA"]
[SourceTitle "EXT 2024"]
[Source "ChessBase"]
[SourceDate "2023.10.10"]
[SourceVersion "1"]
[SourceVersionDate "2023.10.10"]
[SourceQuality "1"]

1. e4 c5 2. Nf3 e6 3. d4 cxd4 4. Nxd4 Nf6 5. Nc3 Nc6 6. Bf4 Bb4 7. Ndb5 Nxe4 8. Bd3 Nxc3 9. bxc3 Ba5 10. Nd6+ Ke7 11. 0-0 e5 12. Nf5+ Kf8 13. Qg4 g6 14. Bh6+ Kg8 15. Nd6 Bxc3 16. Bc4 Qf6 17. Bxf7+ Qxf7 18. Nxf7 Kxf7 19. Qc4+ d5 20. Qxc3 Re8 21. Qf3+ Bf5 1-0

[Event "Titled Tuesday intern op 08th Aug Early"]
[Site "Chess.com INT"]
[Date "2023.08.08"]
[Round "4"]
[White "Silva, Kaua Marques"]
[Black "Garcia Ramos, Daniel"]
[Result "0-1"]
[WhiteElo "2239"]
[BlackElo "2468"]
[PlyCount "56"]
[EventDate "2023.08.08"]
[EventType "swiss (blitz)"]
[EventRounds "11"]
[EventCountry "USA"]
[SourceTitle "EXT 2024"]
[Source "ChessBase"]
[SourceDate "2023.10.10"]
[SourceVersion "1"]
[SourceVersionDate "2023.10.10"]
[SourceQuality "1"]

1. e4 c6 2. d3 d5 3. Nd2 e5 4. Ngf3 Bd6 5. g3 Nf6 6. Bg2 0-0 7. 0-0 h6 8. h3 Re8 9. c3 Nbd7 10. Qe2 a5 11. a4 Nf8 12. Nh4 Qc7 13. Kh2 Ne6 14. Nf5 Bf8 15. Nb3 h5 16. Be3 g6 17. Nh4 Nf4 18. Qd2 Nxg2 19. Kxg2 Qd7 20. Rh1 dxe4 21. Rad1 exd3 22. Qxd3 Qxd3 23. Rxd3 Be6 24. Nc5 Bd5+ 25. f3 e4 26. fxe4 Nxe4 27. Nf3 Nxc5 28. Bxc5 Bxc5 0-1

[Event "Caxambu op"]
[Site "Caxambu"]
[Date "2023.07.22"]
[Round "4"]
[White "Silva, Kaua Marques"]
[Black "Di Berardino, Diego Rafael"]
[Result "0-1"]
[WhiteElo "2215"]
[BlackElo "2484"]
[PlyCount "90"]
[EventDate "2023.07.20"]
[EventType "swiss"]
[EventRounds "7"]
[EventCountry "BRA"]
[SourceTitle "CBM 215 Extra"]
[Source "ChessBase"]
[SourceDate "2023.09.30"]
[SourceVersion "1"]
[SourceVersionDate "2023.09.30"]
[SourceQuality "1"]

1. e4 c5 2. Nf3 d6 3. d4 cxd4 4. Nxd4 Nf6 5. Nc3 a6 6. Be2 e6 7. 0-0 Be7 8. Kh1 0-0 9. f4 Nc6 10. a4 Qc7 11. Be3 Re8 12. Bf3 Rb8 13. g4 Nxd4 14. Bxd4 e5 15. Ba7 Ra8 16. Be3 exf4 17. Bxf4 Be6 18. g5 Nd7 19. Nd5 Bxd5 20. Qxd5 Rf8 21. c3 Ne5 22. Bd1 Qd8 23. h4 Qd7 24. Kg2 Rac8 25. Bb3 Rc5 26. Qd1 Nc4 27. Qe2 b5 28. Rad1 Qe6 29. Rde1 Ne3+ 30. Qxe3 Qxb3 31. Rf2 bxa4 32. Ra1 Qe6 33. Rxa4 f6 34. Rxa6 fxg5 35. hxg5 Rc4 36. Bg3 Rxe4 37. Rxf8+ Bxf8 38. Qd3 Re3 39. Qd1 Re2+ 40. Bf2 Re4 41. Qd3 Rg4+ 42. Bg3 Rxg5 43. Ra4 h5 44. Re4 Qg6 45. Kf2 Rxg3 0-1

[Event "Caxambu op"]
[Site "Caxambu"]
[Date "2023.07.21"]
[Round "2"]
[White "Silva, Kaua Marques"]
[Black "Lapertosa Viana, Julio"]
[Result "1-0"]
[WhiteElo "2215"]
[BlackElo "1955"]
[PlyCount "153"]
[EventDate "2023.07.20"]
[EventType "swiss"]
[EventRounds "7"]
[EventCountry "BRA"]
[SourceTitle "CBM 215 Extra"]
[Source "ChessBase"]
[SourceDate "2023.09.30"]
[SourceVersion "1"]
[SourceVersionDate "2023.09.30"]
[SourceQuality "1"]

1. e4 e5 2. Nf3 Nf6 3. d4 Nxe4 4. Bd3 d5 5. dxe5 Nc5 6. Be2 Be7 7. 0-0 0-0 8. Nc3 c6 9. Re1 Bg4 10. Nd4 Bxe2 11. Qxe2 Ne6 12. Qg4 Nxd4 13. Qxd4 Nd7 14. Qg4 f5 15. exf6 Bxf6 16. Bf4 Nc5 17. Be3 Qd7 18. Qb4 Ne6 19. Rad1 Qf7 20. Ne2 Bg5 21. Qd2 Bxe3 22. Qxe3 Rae8 23. c3 Nf4 24. Qxf4 Qxf4 25. Nxf4 Rxe1+ 26. Rxe1 Rxf4 27. f3 Kf7 28. Kf2 Rf6 29. g4 Re6 30. Rd1 Kf6 31. Rd4 Re7 32. Rf4+ Ke6 33. Rf8 h6 34. h4 c5 35. Ke3 Rf7 36. Rg8 Re7 37. Rd8 Rd7 38. Re8+ Re7 39. Ra8 Kd6+ 40. Kd3 b6 41. Rf8 Ke6 42. f4 Rf7 43. f5+ Ke7 44. Rh8 Kf6 45. Ke3 Re7+ 46. Kf4 Re4+ 47. Kf3 Re7 48. Rf8+ Ke5 49. Ke3 d4+ 50. cxd4+ cxd4+ 51. Kd3 Kf4 52. f6 gxf6 53. Rxf6+ Kxg4 54. Rxh6 Rd7 55. Rh8 Kf5 56. b4 Rg7 57. Kxd4 Rg2 58. Rf8+ Ke6 59. Re8+ Kd6 60. a3 Rd2+ 61. Kc4 Kc6 62. Re6+ Kb7 63. Re7+ Kb8 64. Kb5 Rd6 65. Rh7 a5 66. Ka6 axb4 67. axb4 b5+ 68. Kxb5 Rf6 69. h5 Ka8 70. h6 Kb8 71. Ka5 Ka8 72. b5 Kb8 73. b6 Rf1 74. Rg7 Ra1+ 75. Kb5 Rb1+ 76. Kc5 Rc1+ 77. Kd4 1-0

[Event "Hebraica op 31st"]
[Site "Hebraica"]
[Date "2023.06.30"]
[Round "1"]
[White "Kuribara, Victor Kenzo"]
[Black "Silva, Kaua Marques"]
[Result "0-1"]
[WhiteElo "1427"]
[BlackElo "2215"]
[PlyCount "38"]
[EventDate "2023.06.30"]
[EventType "swiss"]
[EventRounds "6"]
[EventCountry "BRA"]
[SourceTitle "CBM 215 Extra"]
[Source "ChessBase"]
[SourceDate "2023.09.30"]
[SourceVersion "1"]
[SourceVersionDate "2023.09.30"]
[SourceQuality "1"]

1. d4 c5 2. Nf3 cxd4 3. Nxd4 d5 4. Nc3 Nf6 5. g3 e5 6. Nf3 Nc6 7. e4 d4 8. Nd5 Nxe4 9. Bc4 Be6 10. Nc7+ Qxc7 11. Bxe6 fxe6 12. Qd3 Bb4+ 13. Bd2 Nxd2 14. Nxd2 Qa5 15. 0-0-0 Qxa2 16. Qb5 0-0 17. Qxb7 Rab8 18. Qxc6 Bc3 19. Nb3 Qxb2# 0-1

[Event "Hebraica op 31st"]
[Site "Hebraica"]
[Date "2023.06.30"]
[Round "2"]
[White "Silva, Kaua Marques"]
[Black "Americano, Lucca Casarini"]
[Result "1-0"]
[WhiteElo "2215"]
[BlackElo "1573"]
[PlyCount "81"]
[EventDate "2023.06.30"]
[EventType "swiss"]
[EventRounds "6"]
[EventCountry "BRA"]
[SourceTitle "CBM 215 Extra"]
[Source "ChessBase"]
[SourceDate "2023.09.30"]
[SourceVersion "1"]
[SourceVersionDate "2023.09.30"]
[SourceQuality "1"]

1. d4 Nf6 2. c4 e6 3. Nf3 Bb4+ 4. Nbd2 d5 5. a3 Bxd2+ 6. Bxd2 0-0 7. Qc2 Nbd7 8. g3 c6 9. Bg2 Re8 10. 0-0 e5 11. cxd5 Nxd5 12. e4 N5f6 13. dxe5 Nxe5 14. Nxe5 Rxe5 15. Rad1 Bg4 16. f3 Qb6+ 17. Kh1 Nxe4 18. Bf4 Nxg3+ 19. Bxg3 Bf5 20. Qc3 Re3 21. Qd4 Qxd4 22. Rxd4 Re2 23. Rfd1 Kf8 24. R1d2 Rae8 25. Kg1 c5 26. Bd6+ Kg8 27. Bxc5 Re1+ 28. Kf2 b6 29. Bb4 Bc8 30. Rd8 Ba6 31. Bc3 Bb5 32. Kg3 Bc6 33. h4 f5 34. Kf4 g6 35. Rxe8+ Rxe8 36. Bf1 Kf8 37. Rd6 Ba4 38. Bc4 Re7 39. Kg5 Bc2 40. Rd8+ Re8 41. Bb4+ 1-0